000 01145naa a22003137a 4500
001 BR9101915
003 BR-BrBNA
005 20250721155407.0
007 ta
008 250630b bl.|||m| |||| 00| 0 por d
040 _aBR-BrBNA
_bpor
_cBiblioteca Nacional de Agricultura
041 _a(Pt)
072 _aL73; L74
_b5250
090 _aL73 BR9101915
100 1 _aRosa, J.S.
100 1 _aSimplicio, A.A.
111 1 _a5. Seminario de Pesquisa Agropecuaria do Piaui
_cTeresina, PI (Brazil)
_d19-21 Oct 1988
245 1 _aAlteracoes morfologicas dos ovarios de cabra
500 _aAnais do 5. Seminario de Pesquisa Agropecuaria do Piaui Teresina, PI (Brasil): 1988. p. 164-167 [10 ref.; Summary (Pt)] (BR9101915-AMS)
773 0 _tAnais do 5. Seminario de Pesquisa Agropecuaria do Piaui
_wL73 BR9101915
_gTeresina, PI (Brasil), 1988. p. 164-167
650 _aCABRA
650 _aOVARIO
650 _aCISTO
650 _aABSCESSO
650 _aHIPOPLASIA
490 _aDocumentos - Unidade de Execucao de Pesquisa de Ambito Estadual de Teresina (Brazil)
_vNo. 9
942 _cAMS
_2AGRIS
909 _a202506
_bLúcia
_c55
_dLúcia Elande
999 _c336255
_d336255